000 00656nam a2200229Ia 4500
003 OSt
005 20220926012129.0
006 a|||||r|||| 00| 0
007 ta
008 220923b |||||||| |||| 00| 0 eng d
037 _cGeneral Book
040 _aRTL
_cRTL
_beng
041 _2eng
_aeng
082 _aT4:7(W).73.N7, L0
100 _aGlazer Nathan
_915135
245 0 _aRemembering the answers
_b Essays on the American s
260 _aNew York
_bBasic Books U S A
_c1970
300 _a311p
_ccm.
650 _aUniversity - Education
942 _hT4:7(W).73.N7, L0
_cGB
_2CC
999 _c621794
_d621794